Pokemon de type Ténèbres - Statistiques

Statistiques générales
  • Ce quiz a été pris 660 fois
    633 depuis la dernière actualisation
  • Le résultat moyen est 33 sur 44
Statistiques - réponses
Hint Réponse % Correct
198 Cornèbre
89%
229 Démolosse
89%
228 Malosse
89%
430 Corboss
88%
302 Tenefix
87%
491 Darkrai
85%
215 Farfuret
84%
197 Noctali
84%
461 Dimoret
83%
262 Grahyena
82%
261 Medhyena
81%
717 Yveltal
80%
625 Scalproie
78%
248 Tyranocif
78%
624 Scalpion
77%
319 Sharpedo
77%
633 Solochi
77%
442 Spiritomb
77%
635 Trioxhydre
77%
634 Diamat
76%
553 Crocorible
75%
275 Tengalice
75%
359 Absol
74%
318 Carvanha
74%
552 Escroco
74%
551 Mascaïman
74%
560 Baggaid
73%
509 Chacripan
73%
510 Leopardus
73%
274 Pifeuil
73%
559 Baggiguane
71%
658 Amphinobi
70%
571 Zoroark
67%
686 Sepiatop
66%
687 Sepiatroce
66%
5770 Zorua
66%
435 Moufflair
64%
675 Pandarbare
64%
630 Vaututrice
64%
629 Vostourno
64%
332 Cacturne
63%
434 Moufouette
63%
452 Drascore
60%
342 Colhomard
57%
Aucun quiz correspondant
Distribution des résultats
% des personnes avec chaque résultat
Percentile par nombre de réponses
Votre historique - résultats
Vous n’avez pas pris ce quiz depuis la dernière actualisation